[Event "18th Unive Open 2014"]
[Site "Hoogeveen NED"]
[Date "2014.10.13"]
[Round "3.31"]
[White "Groetzbach, Daniel"]
[Black "Mellema, Andries"]
[Result "0-1"]
[WhiteElo "1976"]
[BlackElo "2136"]
[WhiteFideId "24692166"]
[BlackFideId "1011464"]
[EventDate "2014.10.11"]

1. e4 e6 2. d4 d5 3. Nd2 Nf6 4. e5 Ne4 5. Nxe4 dxe4 6. Be3 b6 7. Bb5+ c6 8. Ba4
Bb7 9. c3 b5 10. Bc2 c5 11. Ne2 Nd7 12. O-O Qh4 13. Nf4 cxd4 14. cxd4 g5 15. g3
Qh6 16. Nh5 Qg6 17. Qg4 Rc8 18. Rac1 Be7 19. Bb1 O-O 20. f3 Qf5 21. Qxf5 exf5
22. fxe4 fxe4 23. g4 Nb6 24. Ng3 Nc4 25. Nf5 Bd8 26. Nh6+ Kg7 27. Nf5+ Kg6 28.
Bf2 Nd2 29. Nd6 Rxc1 30. Rxc1 Bd5 31. Bc2 Be7 32. Nxb5 Rc8 33. Bxe4+ Bxe4 34.
Rxc8 Nf3+ 35. Kf1 Nxh2+ 36. Ke1 Nxg4 37. Nc3 Bf3 38. d5 Nxe5 39. Kd2 g4 40. Bxa7
Kf5 41. Rh8 h6 42. Ke1 g3 43. Rxh6 g2 44. Kf2 Kg4 45. Rh2 Nd3+ 46. Kg1 Nf4 47.
Bf2 Nh3+ 48. Rxh3 Kxh3 49. Nb5 Bxd5 50. Bd4 Bh4 51. Be5 Bg5 52. Bd4 Bf4 53. Kf2
Bh2 54. Ke1 Bg3+ 55. Kd2 Bxa2 56. Nc3 Bc4 57. Ne4 Bf4+ 58. Ke1 Kh2 59. Nf6 Bg3+
60. Kd2 Kh1 61. Ne4 Bf4+ 62. Ke1 Kh2 63. Nf6 Be6 64. Ne4 f5 65. Nc5 Bc4 66. b3
Bb5 67. Ne6 Bd6 68. Ng5 Bc6 69. Ke2 f4 70. Nf3+ Bxf3+ 71. Kxf3 g1=Q 72. Bxg1+
Kxg1 73. b4 0-1

[Event "18th Unive Open 2014"]
[Site "Hoogeveen NED"]
[Date "2014.10.13"]
[Round "3.32"]
[White "Den Hartog, Marijn"]
[Black "Weidmann, Kevin"]
[Result "1-0"]
[WhiteElo "2127"]
[BlackElo "1883"]
[WhiteFideId "1046098"]
[BlackFideId "12939994"]
[EventDate "2014.10.11"]

1. c4 e5 2. g3 Nc6 3. Nc3 f5 4. Bg2 Nf6 5. d3 Bb4 6. Bd2 d6 7. Nf3 O-O 8. O-O
Bxc3 9. Bxc3 Qe8 10. e3 Qh5 11. Nh4 Qh6 12. f4 Ng4 13. Qd2 g5 14. Bd5+ Kh8 15.
Nf3 gxf4 16. exf4 Ne7 17. fxe5 Qxd2 18. Nxd2 Nxd5 19. cxd5 Ne3 20. exd6+ Kg8 21.
Rf3 Nxd5 22. dxc7 Nxc3 23. bxc3 Bd7 24. Re1 Rac8 25. Re7 Rxc7 26. c4 Rf7 27.
Rxf7 Kxf7 28. Kf2 Rc5 29. Nb3 Rc6 30. Ke3 Re6+ 31. Kd2 Rh6 32. Rf2 Rc6 33. Nd4
Ra6 34. Ke3 Kg6 35. Rb2 b6 36. Kf4 Ra3 37. Rd2 Kf6 38. Nf3 Ra4 39. Ne5 Be6 40.
Rc2 b5 41. g4 bxc4 42. g5+ Kg7 43. Nxc4 Kg6 44. h4 h6 45. gxh6 Kxh6 46. Ke5 Bg8
47. Nd6 Ra5+ 48. Kf6 Ra6 49. Ke7 Bxa2 50. Rg2 Bb1 51. Rg5 Bxd3 52. Nf7+ Kh7 53.
Kf8 Rh6 54. Rg7# 1-0

[Event "18th Unive Open 2014"]
[Site "Hoogeveen NED"]
[Date "2014.10.13"]
[Round "3.33"]
[White "De Boer, Eelke"]
[Black "Sadallah, Osama"]
[Result "1/2-1/2"]
[WhiteElo "1795"]
[BlackElo "2108"]
[WhiteFideId "1048120"]
[BlackFideId "1002350"]
[EventDate "2014.10.11"]

1. e4 c5 2. Nf3 g6 3. d4 cxd4 4. Nxd4 Nc6 5. c4 Nf6 6. Nc3 Nxd4 7. Qxd4 d6 8.
Be3 Bg7 9. Be2 O-O 10. Qd2 Be6 11. O-O a5 12. f3 a4 13. Rac1 Qa5 14. Nd5 Bxd5
15. Qxa5 Rxa5 16. cxd5 Nd7 17. Rc7 Nc5 18. Bxc5 Rxc5 19. Rxb7 Rc2 20. Bd1 Bd4+
21. Kh1 Rc1 22. g3 Ra8 23. Rb4 Bc5 24. Rb7 Ra1 25. Be2 Rxf1+ 26. Bxf1 Kg7 27.
Bb5 Kf6 28. Bc6 Ra6 29. Kg2 g5 30. Kf1 h5 31. f4 g4 32. Rb5 Ra7 33. Be8 e6 34.
e5+ Ke7 35. Bc6 exd5 36. Bxd5 Bd4 37. exd6+ Kxd6 38. Be4 Bc5 39. Ke2 Re7 40. Kd3
Re8 41. b4 axb3 42. axb3 Rh8 43. Ra5 Bg1 44. Ra2 h4 45. Rg2 Bb6 46. gxh4 Rxh4
47. Bf5 Kc5 48. Bxg4 Kb4 49. Ke4 Kxb3 50. Kf5 Bc7 51. Rd2 Kc3 52. Rd7 Bxf4 53.
Kxf4 Rxh2 54. Rxf7 Kd4 55. Rd7+ Kc5 56. Ke5 Rg2 57. Bf5 Re2+ 58. Be4 Re1 59.
Rc7+ Kb4 60. Kd4 Kb5 61. Rb7+ Ka6 62. Rb2 Rc1 63. Bd3+ Ka5 64. Bc4 Rh1 65. Kc5
Rh5+ 66. Bd5 Rh4 67. Ra2+ Ra4 68. Rh2 Rg4 69. Rh8 Rg6 70. Ra8+ Ra6 71. Rb8 Rh6
72. Bf3 Rg6 73. Ra8+ Ra6 74. Rg8 Rf6 75. Bg4 Ka4 76. Rb8 Rg6 77. Bf3 Rg5+ 78.
Kc4 Ka5 79. Rb3 Rf5 80. Bd5 Rh5 81. Kc5 Rh4 82. Bf3 Rf4 83. Re3 Rf5+ 84. Bd5 Rf4
85. Re6 Rg4 86. Re7 Rg6 1/2-1/2

[Event "18th Unive Open 2014"]
[Site "Hoogeveen NED"]
[Date "2014.10.14"]
[Round "4.3"]
[White "Ris, Robert"]
[Black "Vovk, Andrey"]
[Result "0-1"]
[WhiteTitle "IM"]
[BlackTitle "GM"]
[WhiteElo "2427"]
[BlackElo "2637"]
[WhiteFideId "1011480"]
[BlackFideId "14114470"]
[EventDate "2014.10.11"]

1. d4 Nf6 2. c4 g6 3. g3 Bg7 4. Bg2 O-O 5. Nc3 d6 6. Nf3 Nbd7 7. O-O e5 8. e4 c6
9. h3 exd4 10. Nxd4 Qb6 11. Re1 Re8 12. Re2 Qb4 13. Rc2 Nc5 14. f3 d5 15. a3 Qb6
16. b4 Nfxe4 17. fxe4 Nb3 18. c5 Bxd4+ 19. Rf2 Qd8 20. Qxb3 Bxf2+ 21. Kxf2 Qf6+
22. Kg1 Bxh3 23. Bxh3 Qf3 24. Bf4 d4 25. Qd1 Qxc3 26. Rc1 Qxa3 27. Qxd4 Rad8 28.
Qf6 Qxb4 29. e5 Rd5 30. Bg2 Qd4+ 31. Kh2 Rdxe5 32. Bxe5 Rxe5 33. Rf1 Rh5+ 34.
Bh3 Qxf6 35. Rxf6 Rxc5 36. Bc8 Kg7 37. Rd6 Rd5 38. Rxd5 cxd5 39. Bxb7 d4 40. Kg2
f5 41. Ba6 Kf6 42. Kf3 Ke5 0-1

[Event "18th Unive Open 2014"]
[Site "Hoogeveen NED"]
[Date "2014.10.14"]
[Round "4.4"]
[White "Hambleton, Aman"]
[Black "Roiz, Michael"]
[Result "1/2-1/2"]
[WhiteTitle "IM"]
[BlackTitle "GM"]
[WhiteElo "2456"]
[BlackElo "2585"]
[WhiteFideId "2606577"]
[BlackFideId "2804158"]
[EventDate "2014.10.11"]

1. d4 e6 2. c4 Nf6 3. Nc3 Bb4 4. Qc2 d5 5. a3 Bxc3+ 6. Qxc3 dxc4 7. Qxc4 b6 8.
Nf3 O-O 9. Bg5 Bb7 10. e3 Nbd7 11. Be2 Bd5 12. Qa4 c5 13. O-O a6 14. Bxf6 Nxf6
15. dxc5 bxc5 1/2-1/2

[Event "18th Unive Open 2014"]
[Site "Hoogeveen NED"]
[Date "2014.10.14"]
[Round "4.5"]
[White "Ernst, Sipke"]
[Black "Stocek, Jiri"]
[Result "1/2-1/2"]
[WhiteTitle "GM"]
[BlackTitle "GM"]
[WhiteElo "2555"]
[BlackElo "2551"]
[WhiteFideId "1004689"]
[BlackFideId "304760"]
[EventDate "2014.10.11"]

1. d4 Nf6 2. c4 e6 3. Nf3 Bb4+ 4. Bd2 c5 5. g3 Bxd2+ 6. Qxd2 Nc6 7. Nc3 cxd4 8.
Nxd4 Qb6 9. Ndb5 d5 10. cxd5 exd5 11. Nd6+ Ke7 12. Nxc8+ Raxc8 13. Bh3 Rcd8 14.
O-O Rhe8 15. Rac1 Kf8 16. Rfd1 Ne4 17. Nxe4 dxe4 18. Qc3 e3 19. Rxd8 exf2+ 20.
Kf1 Rxd8 21. Bg2 Ne7 22. Qb3 Qd4 23. Rc4 Qd1+ 24. Qxd1 Rxd1+ 25. Kxf2 Rd7 26. a4 1/2-1/2

[Event "18th Unive Open 2014"]
[Site "Hoogeveen NED"]
[Date "2014.10.14"]
[Round "4.6"]
[White "Raghavi, N."]
[Black "Malaniuk, Vladimir P"]
[Result "0-1"]
[WhiteTitle "WIM"]
[BlackTitle "GM"]
[WhiteElo "2253"]
[BlackElo "2495"]
[WhiteFideId "5017173"]
[BlackFideId "14100177"]
[EventDate "2014.10.11"]

1. e4 e5 2. Nf3 Nc6 3. Bb5 a6 4. Ba4 Nf6 5. O-O Bc5 6. c3 b5 7. Bb3 d6 8. d4 Bb6
9. a4 Bg4 10. Bg5 Rb8 11. axb5 axb5 12. d5 Ne7 13. h3 Bd7 14. Qd3 Ng6 15. Nbd2
O-O 16. Rfe1 Qc8 17. Be3 Nh5 18. Kh2 Nhf4 19. Qf1 f5 20. Bxb6 Rxb6 21. Re3 Kh8
22. Ne1 fxe4 23. Nxe4 Ne7 24. Rd1 h6 25. Rf3 Bf5 26. Ng3 Bh7 27. Nc2 Nfxd5 28.
Rxf8+ Qxf8 29. Na3 Nf4 30. Bc2 b4 31. cxb4 Rxb4 32. Bxh7 Kxh7 33. Rd2 Neg6 34.
f3 Ne6 35. Ne2 e4 36. Rc2 exf3 37. Qxf3 Qxf3 38. gxf3 Rb3 39. Kg3 Ne5 40. Ng1 c5
41. Rd2 Nd4 42. Kg2 d5 43. Nb1 Nc4 44. Rf2 Nxb2 0-1

[Event "18th Unive Open 2014"]
[Site "Hoogeveen NED"]
[Date "2014.10.14"]
[Round "4.7"]
[White "Romanishin, Oleg M"]
[Black "Vogel, Jaap"]
[Result "1-0"]
[WhiteTitle "GM"]
[BlackTitle "FM"]
[WhiteElo "2490"]
[BlackElo "2239"]
[WhiteFideId "14100088"]
[BlackFideId "1000764"]
[EventDate "2014.10.11"]

1. Nf3 Nf6 2. g3 d5 3. Bg2 c6 4. O-O Bf5 5. c4 e6 6. Qb3 Qb6 7. d3 Nbd7 8. Be3
Bc5 9. Bxc5 Nxc5 10. Qc3 a5 11. Nbd2 O-O 12. Qd4 Rfd8 13. Rac1 Ncd7 14. Qxb6
Nxb6 15. cxd5 exd5 16. Rc2 Nc8 17. Nd4 Nd6 18. h3 a4 19. Rb1 Ra7 20. b4 axb3 21.
N2xb3 Bc8 22. g4 h6 23. e3 Re8 24. Nd2 Ra4 25. Rbb2 Nd7 26. Rc3 Nf8 27. N2b3 Ra7
28. Bf1 f5 29. gxf5 Nxf5 30. Nxf5 Bxf5 31. Nd4 Bc8 32. Bg2 Ng6 33. Kh2 Nh4 34.
Bh1 Nf5 35. Nb3 Nd6 36. Nc5 Rf8 37. a4 Kh8 38. Rc1 Ra5 39. e4 dxe4 40. dxe4 g5
41. Bg2 Nf7 42. Nxb7 Bxb7 43. Rxb7 Ne5 44. Rd1 Rf7 45. Rxf7 Nxf7 46. Rd4 Kg7 47.
Kg3 c5 48. Rd5 Rxa4 49. Rxc5 Ra3+ 50. f3 Kf6 51. Rc6+ Kg7 52. Re6 Ra5 53. h4 Ne5
54. hxg5 hxg5 55. Bf1 Kf7 56. Rd6 Ra3 57. Be2 Rc3 58. Kf2 Ke7 59. Rb6 Kf7 60.
Bd1 Ke7 61. Rb7+ Kf6 62. Rb6+ Ke7 63. Rb7+ Kf6 64. Rb5 Rd3 65. Ke2 Rc3 66. Rb6+
Ke7 67. Rb7+ Kf6 68. Rb5 Ke6 69. Bb3+ Kf6 70. Bd1 Ke6 71. Kf2 Kf6 72. Rd5 Rd3
73. Be2 Rc3 74. Rd8 Kf7 75. Rh8 Ra3 76. Rc8 Rb3 77. Bc4+ Nxc4 78. Rxc4 g4 79.
fxg4 Kf6 80. Rc5 Ra3 81. Rf5+ Kg6 82. e5 Ra2+ 83. Kf3 Ra3+ 84. Kf4 Ra4+ 85. Kg3
Re4 86. Rh5 Re1 87. Kf2 Re4 88. Kf3 Re1 89. Rf5 Rg1 90. Rf4 Rf1+ 91. Ke3 Re1+
92. Kd4 Rd1+ 93. Kc5 1-0

[Event "18th Unive Open 2014"]
[Site "Hoogeveen NED"]
[Date "2014.10.14"]
[Round "4.8"]
[White "De Ruiter, Danny"]
[Black "Antoli Royo, Joaquin Miguel"]
[Result "1/2-1/2"]
[BlackTitle "IM"]
[WhiteElo "2235"]
[BlackElo "2450"]
[WhiteFideId "1020650"]
[BlackFideId "2259532"]
[EventDate "2014.10.11"]

1. d4 Nf6 2. c4 c5 3. d5 b5 4. cxb5 a6 5. bxa6 g6 6. Nc3 Bxa6 7. Nf3 d6 8. e4
Bxf1 9. Kxf1 Bg7 10. g3 O-O 11. Kg2 Nbd7 12. a4 Ra6 13. Qc2 Qa8 14. Nb5 Qb7 15.
Bd2 e6 16. Bf4 exd5 17. exd5 Ne5 18. Nxd6 Rxd6 19. Bxe5 Rxd5 20. Rhe1 Rfd8 21.
Rad1 Qd7 22. Rxd5 Qxd5 23. Re2 Qa8 24. Bxf6 Bxf6 25. Qxc5 Qxa4 26. b4 Kg7 27.
Re4 Qa8 28. Rf4 Qd5 29. Qxd5 Rxd5 30. Rc4 Rd1 31. b5 Rb1 32. Rc5 Rb2 33. Ne5 h5
34. Kf3 Be7 35. Rd5 Kf6 36. Nc6 Bf8 37. Nd4 1/2-1/2

[Event "18th Unive Open 2014"]
[Site "Hoogeveen NED"]
[Date "2014.10.14"]
[Round "4.9"]
[White "Vereggen, Lars"]
[Black "Guramishvili, Sopiko"]
[Result "0-1"]
[BlackTitle "IM"]
[WhiteElo "2206"]
[BlackElo "2381"]
[WhiteFideId "1029258"]
[BlackFideId "13602888"]
[EventDate "2014.10.11"]

1. c4 e6 2. g3 d5 3. Bg2 Nf6 4. Nf3 d4 5. O-O c5 6. d3 Nc6 7. e3 Bd6 8. e4 e5 9.
Nh4 g6 10. f4 exf4 11. gxf4 Nh5 12. Nf5 Bxf5 13. exf5 Qc7 14. Na3 a6 15. Nc2
O-O-O 16. Qg4 Kb8 17. b4 cxb4 18. a3 b3 19. Nb4 Nxb4 20. axb4 b2 21. Bxb2 Bxf4
22. Qh4 Be3+ 23. Kh1 Nf4 24. Be4 gxf5 25. Bxf5 Rhe8 26. Qg4 Re5 27. Rxf4 Bxf4
28. Rf1 Be3 29. Be4 Rg5 0-1

[Event "18th Unive Open 2014"]
[Site "Hoogeveen NED"]
[Date "2014.10.14"]
[Round "4.10"]
[White "Pranav Vijay"]
[Black "De Jong, Migchiel"]
[Result "1-0"]
[BlackTitle "IM"]
[WhiteElo "2197"]
[BlackElo "2321"]
[WhiteFideId "5091640"]
[BlackFideId "1002848"]
[EventDate "2014.10.11"]

1. d4 e6 2. c4 Bb4+ 3. Bd2 a5 4. g3 d6 5. Nf3 Nc6 6. Bg2 e5 7. O-O exd4 8. Nxd4
Nxd4 9. Bxb4 axb4 10. Qxd4 Nf6 11. Rd1 Ra6 12. a4 O-O 13. Nd2 c5 14. Qf4 Qe7 15.
Ne4 Nxe4 16. Qxe4 Qf6 17. Rd2 h6 18. Qf4 Qxf4 19. gxf4 Rd8 20. b3 Kf8 21. Rad1
Ke7 22. Bd5 g5 23. fxg5 Rg8 24. Rd3 Rxg5+ 25. Rg3 Ra7 26. f4 Rxg3+ 27. hxg3 Bf5
28. Rd2 b6 29. Bf3 Bg6 30. g4 f6 31. Bd5 h5 32. f5 Be8 33. Rd3 hxg4 34. Re3+ Kd8
35. Re6 Re7 36. Rxd6+ Kc7 37. Rxf6 Rxe2 38. Rf8 Re1+ 39. Kf2 Re5 40. f6 Bc6 41.
Bxc6 Kxc6 42. Kg3 Kd7 43. Rb8 Rf5 44. Rxb6 Rf3+ 45. Kxg4 Rxb3 46. Rb7+ Ke8 47.
Kf5 Re3 48. a5 Ra3 49. Ke6 Re3+ 50. Kd6 Ra3 51. Kxc5 b3 52. Rb5 Kf7 53. Kb6 Kxf6
54. a6 1-0

[Event "18th Unive Open 2014"]
[Site "Hoogeveen NED"]
[Date "2014.10.14"]
[Round "4.11"]
[White "Rudolf, Anna"]
[Black "Hoffman, Ron"]
[Result "1-0"]
[WhiteTitle "WGM"]
[WhiteElo "2314"]
[BlackElo "2086"]
[WhiteFideId "722855"]
[BlackFideId "1007599"]
[EventDate "2014.10.11"]

1. e4 c5 2. Nf3 Nc6 3. Bb5 g6 4. Bxc6 dxc6 5. h3 Bg7 6. d3 b6 7. Nc3 Nh6 8. Be3
f6 9. Nd2 e5 10. f4 Nf7 11. Nf3 Qe7 12. Qd2 Be6 13. fxe5 fxe5 14. b3 O-O-O 15.
O-O h6 16. Ne2 g5 17. a3 Nd6 18. Qe1 Rhf8 19. a4 a5 20. b4 axb4 21. a5 Nb5 22.
axb6 Kb7 23. Nd2 Ra8 24. Rxf8 Qxf8 25. Rxa8 Kxa8 26. Nc4 Bxc4 27. dxc4 Na3 28.
Nc1 Qf7 29. Qd2 Nxc4 30. Qd8+ Kb7 31. Nb3 Ka6 32. Nxc5+ Kb5 33. b7 Nxe3 34.
b8=Q+ Kxc5 35. Qdd6+ 1-0

[Event "18th Unive Open 2014"]
[Site "Hoogeveen NED"]
[Date "2014.10.14"]
[Round "4.12"]
[White "Van Osch, Mees"]
[Black "Van Foreest, Lucas"]
[Result "1/2-1/2"]
[WhiteElo "2188"]
[BlackElo "2314"]
[WhiteFideId "1035967"]
[BlackFideId "1039792"]
[EventDate "2014.10.11"]

1. e4 e5 2. Nf3 Nc6 3. d4 exd4 4. Nxd4 Bc5 5. Nb3 Bb6 6. Nc3 Nge7 7. Qe2 O-O 8.
Be3 d6 9. O-O-O f5 10. f4 fxe4 11. g3 Nf5 12. Bxb6 axb6 13. Bg2 Na5 14. Nd4 Nxd4
15. Rxd4 Nc6 16. Rdd1 Bf5 17. Bxe4 Bxe4 18. Qxe4 Qd7 19. Rhe1 Rfe8 20. Qc4+ Kh8
21. Kb1 Rxe1 22. Rxe1 Re8 23. Re4 Nd8 24. Rxe8+ Qxe8 25. a3 c6 26. Qd4 Qe1+ 27.
Ka2 Qe6+ 28. b3 b5 29. Qa7 1/2-1/2

[Event "18th Unive Open 2014"]
[Site "Hoogeveen NED"]
[Date "2014.10.14"]
[Round "4.13"]
[White "Henseler, Jorgen"]
[Black "Bezemer, Arno"]
[Result "0-1"]
[BlackTitle "FM"]
[WhiteElo "2085"]
[BlackElo "2275"]
[WhiteFideId "1023233"]
[BlackFideId "1001396"]
[EventDate "2014.10.11"]

1. d4 Nf6 2. c4 g6 3. Nc3 d5 4. cxd5 Nxd5 5. e4 Nxc3 6. bxc3 Bg7 7. Bc4 c5 8.
Ne2 Nc6 9. Be3 O-O 10. O-O Qc7 11. Rc1 b6 12. Qd2 Bb7 13. Bh6 Rad8 14. Bxg7 Kxg7
15. Qe3 e5 16. d5 Na5 17. Bd3 c4 18. Bc2 Bc8 19. Qg3 Qe7 20. f4 f6 21. f5 Nb7
22. h4 Rh8 23. Rf3 Rdf8 24. Rcf1 Bd7 25. R1f2 Nd6 26. Rf1 Ne8 27. Qg4 Kf7 28.
Ng3 Qc5+ 29. R3f2 Ke7 30. Kh2 Nd6 31. Qf3 Rhg8 32. Re1 Rg7 33. Ref1 gxf5 34.
exf5 Rfg8 35. Ne4 Nxe4 36. Bxe4 Rg4 37. d6+ Qxd6 38. Kh3 Rf4 39. Qe2 Rxf2 40.
Rxf2 Qc5 41. Qf3 b5 42. Rd2 a5 43. Bd5 Rd8 44. Rd1 Bc8 45. Kh2 b4 46. g4 bxc3
47. g5 c2 48. gxf6+ Kd6 49. Rc1 Qxd5 50. Qg3 Bxf5 0-1

[Event "18th Unive Open 2014"]
[Site "Hoogeveen NED"]
[Date "2014.10.14"]
[Round "4.14"]
[White "Kasparov, Sergey"]
[Black "Boersma, Jan"]
[Result "1-0"]
[WhiteTitle "GM"]
[WhiteElo "2484"]
[BlackElo "2067"]
[WhiteFideId "13500481"]
[BlackFideId "1003267"]
[EventDate "2014.10.11"]

1. e4 c5 2. Nf3 g6 3. c4 Nc6 4. d4 cxd4 5. Nxd4 Nf6 6. Nc3 d6 7. Be2 Nxd4 8.
Qxd4 Bg7 9. Be3 O-O 10. Qd2 a5 11. O-O a4 12. Rac1 Qa5 13. f3 Be6 14. Nd5 Qxd2
15. Bxd2 Bxd5 16. cxd5 Nd7 17. Rc2 Bd4+ 18. Kh1 Rfc8 19. Rfc1 Rxc2 20. Rxc2 Nc5
21. Bc1 h5 22. g3 Bg7 23. Kg2 Bf6 24. h4 a3 25. bxa3 Ra5 26. Bc4 Be5 27. Be2 Bf6
28. Rc4 Ra4 29. Rb4 Bc3 30. Rb1 Bd4 31. Bb5 Ra8 32. Rb4 Bc3 33. Rc4 Bf6 34. a4
Nd3 35. Be3 Nb2 36. Rb4 Nd1 37. Bd2 Nc3 38. Bd7 Nxa2 39. Rxb7 Nc3 40. Bc6 Ra6
41. Rb4 Ra7 42. Be3 Ra6 43. f4 e6 44. Kf3 exd5 45. exd5 Nd1 46. Bb6 Nb2 47. a5
Nd3 48. Rb5 Nc5 49. Bxc5 dxc5 50. Bb7 Ra7 51. d6 c4 52. a6 Kf8 53. Rc5 Ke8 54.
Ke4 Kd7 55. Kd5 Bd8 56. Rxc4 Bb6 57. Re4 Bd8 58. Re2 Bf6 59. Kc5 Bd8 60. Re4 1-0

[Event "18th Unive Open 2014"]
[Site "Hoogeveen NED"]
[Date "2014.10.14"]
[Round "4.15"]
[White "Mueer, Sebastian"]
[Black "Gonzalez De La Torre, Santiago"]
[Result "1-0"]
[BlackTitle "IM"]
[WhiteElo "2185"]
[BlackElo "2440"]
[WhiteFideId "24622001"]
[BlackFideId "2221667"]
[EventDate "2014.10.11"]

1. Nf3 Nc6 2. d4 d5 3. e3 Bg4 4. Bb5 e6 5. Nbd2 Ne7 6. h3 Bh5 7. O-O a6 8. Be2
Nc8 9. c4 Be7 10. b3 O-O 11. Bb2 Bg6 12. a3 a5 13. Rc1 Qd7 14. Nb1 Bf6 15. cxd5
exd5 16. Nc3 Nb6 17. Bb5 Qd6 18. Qd2 Nb8 19. Bd3 Bxd3 20. Qxd3 c6 21. e4 dxe4
22. Nxe4 Qd8 23. Nc5 Ra7 24. Rfe1 Na6 25. Nxa6 Rxa6 26. Rxc6 Na4 27. Rxa6 Nxb2
28. Qc2 bxa6 29. Qxb2 Qd5 30. Qc3 g6 31. Qc4 Qb7 32. Rc1 Kg7 33. Ne5 Bg5 34. Rc2
Qe4 35. Nf3 Be7 36. Re2 Qb7 37. d5 Rd8 38. Qc3+ Bf6 39. Qxa5 Rxd5 40. Qb4 Qxb4
41. axb4 Bc3 42. Ra2 Rd1+ 43. Kh2 Rd6 44. Ra4 h6 45. g3 Kf6 46. Kg2 Ke6 47. Kf1
Kd7 48. Ke2 f5 49. h4 Kc7 50. b5 axb5 51. Ra7+ Kb6 52. Rh7 h5 53. Ng5 Kc5 54.
Nf7 Re6+ 55. Kd3 Kb4 1-0

[Event "18th Unive Open 2014"]
[Site "Hoogeveen NED"]
[Date "2014.10.14"]
[Round "4.16"]
[White "Schoorl, Rob"]
[Black "Szostko, Jakub"]
[Result "1/2-1/2"]
[WhiteTitle "FM"]
[WhiteElo "2330"]
[BlackElo "2102"]
[WhiteFideId "1009508"]
[BlackFideId "1174282"]
[EventDate "2014.10.11"]

1. e4 c5 2. Nf3 e6 3. b3 b6 4. Bb2 Bb7 5. Nc3 d6 6. d4 cxd4 7. Nxd4 Nf6 8. Bd3
Nbd7 9. O-O Be7 10. Qe2 a6 11. f4 O-O 12. Kh1 Nc5 13. b4 Nxd3 14. cxd3 Nd7 15.
Rac1 Bf6 16. Nf3 Rc8 17. Qd2 g6 18. Ne2 Qe7 19. a3 b5 20. Bd4 Bxd4 21. Nfxd4 e5
22. Nf3 d5 23. d4 dxe4 24. Nxe5 f6 25. Nxd7 Qxd7 26. Qe3 Rc4 27. Rxc4 bxc4 28.
Nc3 Qe6 29. Na4 Bd5 30. f5 Qc6 31. Nc3 Kg7 32. a4 Qb7 33. Rb1 Qd7 34. Rf1 gxf5
35. Qf4 Re8 36. Re1 Bf7 37. d5 Re5 38. Rd1 Bh5 39. Re1 Bf7 40. Rd1 1/2-1/2

[Event "18th Unive Open 2014"]
[Site "Hoogeveen NED"]
[Date "2014.10.14"]
[Round "4.17"]
[White "Tondivar, Babak"]
[Black "Majhi, Ankit"]
[Result "1-0"]
[WhiteTitle "FM"]
[WhiteElo "2288"]
[BlackElo "2172"]
[WhiteFideId "12501239"]
[BlackFideId "1033735"]
[EventDate "2014.10.11"]

1. d4 Nf6 2. Nf3 g6 3. g3 Bg7 4. Bg2 d6 5. O-O O-O 6. a4 Nc6 7. a5 Bd7 8. a6 b5
9. d5 Nb4 10. Nc3 Qc8 11. Nd4 Bh3 12. e4 Bxg2 13. Kxg2 c5 14. dxc6 Nxa6 15.
Ndxb5 Qxc6 16. f3 Qb7 17. Be3 Nc5 18. Bxc5 dxc5 19. Ra2 a6 20. Na3 Rfd8 21. Qe2
Ne8 22. Na4 Qc6 23. Nc4 Nd6 24. Nab6 Rab8 25. Nxd6 exd6 26. Nd5 Re8 27. Qc4 Qb5
28. Qxb5 axb5 29. c3 b4 30. cxb4 cxb4 31. b3 f5 32. Ra7 Bd4 33. Rd7 fxe4 34.
Ne7+ Kf7 35. Nc6+ Ke6 36. Rxh7 Kd5 37. Nxb8 Rxb8 38. fxe4+ Kxe4 39. Rh4+ Kd3 40.
Rd1+ Kc2 41. Rhxd4 Kxb3 42. Rxd6 Kc2 43. R6d2+ Kc3 44. Rf2 b3 45. Rb1 b2 46. h4
Rb4 47. Kh3 1-0

[Event "18th Unive Open 2014"]
[Site "Hoogeveen NED"]
[Date "2014.10.14"]
[Round "4.18"]
[White "Boer, Alef"]
[Black "Wunnink, Michael"]
[Result "1/2-1/2"]
[WhiteElo "2167"]
[BlackElo "2286"]
[WhiteFideId "1007122"]
[BlackFideId "1005448"]
[EventDate "2014.10.11"]

1. c4 e5 2. g3 Nc6 3. Bg2 g6 4. Nc3 Bg7 5. e3 h5 6. h4 d6 7. Nge2 Bg4 8. f3 Be6
9. b3 Nge7 10. e4 Qd7 11. d3 O-O 12. Be3 Nd4 13. Nd5 c6 14. Nxe7+ Qxe7 15. Nxd4
exd4 16. Bg5 Qd7 17. Qd2 d5 18. O-O a5 19. a4 1/2-1/2

[Event "18th Unive Open 2014"]
[Site "Hoogeveen NED"]
[Date "2014.10.14"]
[Round "4.19"]
[White "Kramer, Julian"]
[Black "Vedder, Richard"]
[Result "1-0"]
[BlackTitle "FM"]
[WhiteElo "2147"]
[BlackElo "2277"]
[WhiteFideId "12921742"]
[BlackFideId "1004166"]
[EventDate "2014.10.11"]

1. e4 c5 2. Nf3 b6 3. d4 cxd4 4. Nxd4 Bb7 5. Nc3 a6 6. Bd3 e6 7. Qe2 Qc7 8. Bd2
d6 9. O-O Nd7 10. f4 Ngf6 11. Rae1 b5 12. a3 g6 13. Kh1 Bg7 14. e5 dxe5 15. fxe5
Nd5 16. Ncxb5 axb5 17. Nxb5 Qxe5 18. Qf2 Qf6 19. Qg3 Qxb2 20. Nd6+ Kf8 21. Rxf7+
Kg8 22. Rxd7 Bc6 23. Nc4 Qb8 24. Rd6 Be8 25. Qf3 Bf7 26. Rd7 Nf6 27. Rb7 Qd8 28.
Bc3 Qd5 29. Ne5 Qxf3 30. gxf3 Nd5 31. Bb2 Bf6 32. Nxf7 Bxb2 33. Nh6+ Kf8 34.
Rxb2 1-0

[Event "18th Unive Open 2014"]
[Site "Hoogeveen NED"]
[Date "2014.10.14"]
[Round "4.20"]
[White "Henrich, Thomas"]
[Black "Fluit, Johnny"]
[Result "1-0"]
[WhiteElo "2227"]
[BlackElo "2108"]
[WhiteFideId "4640993"]
[BlackFideId "1016253"]
[EventDate "2014.10.11"]

1. d4 d5 2. c4 c6 3. Nf3 Nf6 4. Nc3 dxc4 5. a4 Bf5 6. Ne5 Na6 7. e3 Nb4 8. Bxc4
e6 9. O-O Bd6 10. Qf3 Qc7 11. e4 Bg6 12. Bf4 Nd7 13. Nxg6 hxg6 14. e5 Be7 15.
Rac1 Nb6 16. Bb3 Qd7 17. Bg3 f5 18. exf6 gxf6 19. Rfe1 N6d5 20. Re2 O-O-O 21.
Bxd5 Nxd5 22. Nb5 b6 23. Rxc6+ Kb7 24. Rc7+ 1-0

[Event "18th Unive Open 2014"]
[Site "Hoogeveen NED"]
[Date "2014.10.14"]
[Round "4.21"]
[White "Schoehuijs, Erik"]
[Black "Franco Alonso, Alejandro"]
[Result "0-1"]
[BlackTitle "IM"]
[WhiteElo "2160"]
[BlackElo "2454"]
[WhiteFideId "1004425"]
[BlackFideId "2214067"]
[EventDate "2014.10.11"]

1. d4 Nf6 2. c4 e6 3. Nc3 Bb4 4. Qc2 d6 5. Nf3 Nbd7 6. a3 Bxc3+ 7. Qxc3 b6 8. g3
Bb7 9. Bg2 O-O 10. b4 Be4 11. O-O Qb8 12. Bb2 b5 13. Rfc1 bxc4 14. Qxc4 Rc8 15.
Nd2 Bxg2 16. Kxg2 a5 17. Nb3 axb4 18. axb4 Rxa1 19. Bxa1 Qb7+ 20. Kg1 Nb6 21.
Qd3 Nbd5 22. Na5 Qxb4 23. Nc6 Qa4 24. Qb1 Re8 25. e4 Nb6 26. Qd3 h6 27. Bb2 d5
28. e5 Ne4 29. Ba3 Nc4 30. f3 Ned2 31. Ne7+ Kh8 32. Bc5 Nb3 0-1